[Event "Sportsko leto 2013"]
[Site "Paracin"]
[Date "2013.07.10"]
[Round "7.1"]
[White "Damljanovic, Branko"]
[Black "Ulibin, Mikhail"]
[Result "1/2-1/2"]
[WhiteElo "2544"]
[BlackElo "2529"]
[PlyCount "74"]
[EventDate "2013.??.??"]

1. c4 c5 2. Nf3 Nf6 3. Nc3 e6 4. g3 b6 5. Bg2 Bb7 6. O-O Be7 7. Re1 d5 8. cxd5
exd5 9. d4 O-O 10. Bf4 Na6 11. Rc1 Ne4 12. dxc5 Naxc5 13. Be5 Ne6 14. a3 Rc8
15. e3 Bf6 16. Bd4 Nxd4 17. Nxd4 Nxc3 18. Rxc3 Rxc3 19. bxc3 Qc7 20. Qb3 Qc5
21. Rd1 Rd8 22. a4 g6 23. h4 h5 24. Bf3 Kg7 25. Nb5 a6 26. Nd4 Rd7 27. Ne2 Rd6
28. Rd3 a5 29. Nf4 Ba6 30. Rxd5 Bc4 31. Rxc5 Bxb3 32. Rc7 Bxa4 33. c4 Rd7 34.
Rc8 Rd8 35. Rc7 Rd7 36. Rc8 Rd8 37. Rc7 Rd7 1/2-1/2

[Event "Sportsko leto 2013"]
[Site "Paracin"]
[Date "2013.07.10"]
[Round "7.2"]
[White "Atalik, Suat"]
[Black "Miladinovic, Igor"]
[Result "1/2-1/2"]
[WhiteElo "2568"]
[BlackElo "2558"]
[PlyCount "40"]
[EventDate "2013.??.??"]

1. e4 c6 2. Nc3 d5 3. Nf3 Nf6 4. e5 Ne4 5. h3 Nxc3 6. dxc3 e6 7. c4 Be7 8. c3
c5 9. Bf4 dxc4 10. Qxd8+ Bxd8 11. Bxc4 Bd7 12. b4 cxb4 13. cxb4 Na6 14. b5 Rc8
15. Rc1 Ba5+ 16. Bd2 Bxd2+ 17. Kxd2 Nc5 18. Ke3 Ke7 19. Rc2 Rc7 20. Rhc1 Rhc8
1/2-1/2

[Event "Sportsko leto 2013"]
[Site "Paracin"]
[Date "2013.07.10"]
[Round "7.3"]
[White "Gleizerov, Evgeny"]
[Black "Tomic, Bosko"]
[Result "1-0"]
[WhiteElo "2553"]
[BlackElo "2425"]
[PlyCount "49"]
[EventDate "2013.??.??"]

1. d4 Nf6 2. c4 g6 3. Nc3 Bg7 4. e4 O-O 5. Nf3 d6 6. Be2 c5 7. O-O cxd4 8. Nxd4
Nc6 9. Be3 Nxd4 10. Bxd4 Bd7 11. b4 Qc7 12. Rc1 Rfc8 13. f4 Be6 14. Nb5 Qb8 15.
f5 gxf5 16. exf5 a6 17. fxe6 axb5 18. exf7+ Kh8 19. Bd3 bxc4 20. Bb1 e5 21.
Rxf6 exd4 22. Bf5 Bxf6 23. Qh5 Kg7 24. Qxh7+ Kf8 25. Qg8+ 1-0

[Event "Sportsko leto 2013"]
[Site "Paracin"]
[Date "2013.07.10"]
[Round "7.4"]
[White "Lajthajm, Borko"]
[Black "Olszewski, Michal"]
[Result "1-0"]
[WhiteElo "2477"]
[BlackElo "2551"]
[PlyCount "97"]
[EventDate "2013.??.??"]

1. Nf3 Nf6 2. g3 g6 3. b4 Bg7 4. Bb2 O-O 5. Bg2 a5 6. a3 axb4 7. axb4 Rxa1 8.
Bxa1 Na6 9. b5 Nc5 10. O-O c6 11. bxc6 bxc6 12. d3 Qa5 13. Nbd2 d5 14. Bd4 Nfd7
15. Bxg7 Kxg7 16. c4 e5 17. cxd5 cxd5 18. Qa1 Qxa1 19. Rxa1 Bb7 20. d4 exd4 21.
Nxd4 Ra8 22. Rxa8 Bxa8 23. N2b3 Nxb3 24. Nxb3 Kf6 25. f4 Ke7 26. Kf2 Kd6 27. g4
Nc5 28. Nd4 Ne6 29. e3 Nxd4 30. exd4 Bc6 31. h4 Bd7 32. g5 Bf5 33. Bf3 Ke6 34.
Ke3 Kd6 35. Bd1 Bb1 36. Bg4 Be4 37. Kd2 Ke7 38. Kc3 f6 39. Kb4 fxg5 40. hxg5
Kd6 41. Kb5 Bc2 42. Kb6 Ba4 43. f5 Be8 44. f6 Bf7 45. Kb7 Bg8 46. Kc8 Be6+ 47.
Kd8 Bf7 48. Bd7 Bg8 49. Ke8 1-0

[Event "Sportsko leto 2013"]
[Site "Paracin"]
[Date "2013.07.10"]
[Round "7.5"]
[White "Bogdanovski, Vlatko"]
[Black "Mista, Alexander"]
[Result "1/2-1/2"]
[WhiteElo "2435"]
[BlackElo "2579"]
[PlyCount "110"]
[EventDate "2013.??.??"]

1. Nf3 Nf6 2. d4 g6 3. Bg5 Bg7 4. Nbd2 d5 5. e3 O-O 6. Be2 Nbd7 7. O-O c5 8. c3
b6 9. a4 a6 10. b4 Bb7 11. bxc5 bxc5 12. Qb3 Bc6 13. Qa3 h6 14. Bxf6 Bxf6 15.
dxc5 e5 16. Nb3 Qc7 17. Rac1 Be7 18. c4 dxc4 19. Bxc4 Bxf3 20. gxf3 Qc6 21. Kg2
Rac8 22. Qb2 Qxa4 23. Qc2 Qc6 24. Na5 Qf6 25. c6 Nc5 26. Rfd1 Kg7 27. Rd5 Ne6
28. Qb2 Qg5+ 29. Kh1 Bf6 30. Rd7 e4 31. Qc2 Qxa5 32. Bxe6 exf3 33. Rg1 Qh5 34.
Bg4 Qe5 35. Bxf3 g5 36. Bd5 Rcd8 37. Rd1 Be7 38. Qc4 Bd6 39. Qd4 Rxd7 40. cxd7
Rd8 41. Bc6 Qxd4 42. Rxd4 Bc7 43. Re4 Rb8 44. Re8 Rb1+ 45. Kg2 Rd1 46. Rc8 Bb6
47. Rb8 Bc7 48. Rc8 Bb6 49. Kf3 Rd6 50. h3 Kf6 51. Ba4 Ke7 52. Re8+ Kf6 53. Rb8
Ke7 54. Re8+ Kf6 55. Rb8 Ke7 1/2-1/2

[Event "Sportsko leto 2013"]
[Site "Paracin"]
[Date "2013.07.10"]
[Round "7.6"]
[White "Kosic, Dragan"]
[Black "Atalik, Ekatarina"]
[Result "1-0"]
[WhiteElo "2490"]
[BlackElo "2430"]
[PlyCount "65"]
[EventDate "2013.??.??"]

1. d4 Nf6 2. Nf3 g6 3. c4 Bg7 4. Nc3 d5 5. Bg5 dxc4 6. e4 c5 7. dxc5 Qa5 8. Nd2
Be6 9. Qa4+ Qxa4 10. Nxa4 Na6 11. Rc1 Bd7 12. Rxc4 Bxa4 13. Rxa4 Nxc5 14. Bb5+
Kf8 15. Rb4 Ne6 16. Bh4 a5 17. Rc4 Ng4 18. Bd7 Nf4 19. O-O Ne5 20. Rc7 Rd8 21.
Bb5 f6 22. Nb3 b6 23. Bg3 Bh6 24. Rb7 Rd6 25. Bxf4 Bxf4 26. g3 Bh6 27. f4 Nf7
28. e5 Rd8 29. exf6 exf6 30. Rxb6 Rd6 31. Rb7 Nd8 32. Ra7 Rb6 33. a4 1-0

[Event "Sportsko leto 2013"]
[Site "Paracin"]
[Date "2013.07.10"]
[Round "7.8"]
[White "Abramovic, Bosko"]
[Black "Drenchev, Petar"]
[Result "0-1"]
[WhiteElo "2427"]
[BlackElo "2483"]
[PlyCount "100"]
[EventDate "2013.??.??"]

1. Nf3 Nf6 2. c4 g6 3. g3 Bg7 4. Bg2 O-O 5. O-O d5 6. Na3 d4 7. d3 Nc6 8. Nc2
a5 9. Rb1 e5 10. Bg5 h6 11. Bxf6 Qxf6 12. a3 a4 13. Nb4 Nb8 14. e3 c6 15. exd4
exd4 16. Nd2 Qd8 17. Re1 Nd7 18. Qc2 Nc5 19. Re2 Re8 20. Rbe1 Rxe2 21. Rxe2 Bg4
22. Bf3 Be6 23. Qd1 Qd6 24. Ne4 Nxe4 25. Rxe4 c5 26. Nc2 Qb6 27. Qc1 Rc8 28.
Ne1 Qa6 29. Qd1 b5 30. cxb5 Qxb5 31. Bg4 Bb3 32. Qe2 f5 33. Bh3 Rd8 34. Re7 Bf6
35. Ra7 Re8 36. Qd2 Qb6 37. Ra5 Kg7 38. Bg2 g5 39. Ra8 Rxa8 40. Bxa8 Qb5 41.
Ng2 c4 42. dxc4 Bxc4 43. Bf3 Qe5 44. Bd1 Qe4 45. Ne1 d3 46. Qe3 Bxb2 47. Bxa4
Bxa3 48. Bd1 Bb4 49. Qa7+ Be7 50. f3 Qxe1+ 0-1

[Event "Sportsko leto 2013"]
[Site "Paracin"]
[Date "2013.07.10"]
[Round "7.8"]
[White "Nestorovic, Dejan"]
[Black "Kasparov, Sergey"]
[Result "1/2-1/2"]
[WhiteElo "2411"]
[BlackElo "2470"]
[PlyCount "40"]
[EventDate "2013.??.??"]

1. d4 Nf6 2. c4 c6 3. Nc3 d5 4. cxd5 cxd5 5. Bf4 Nc6 6. e3 a6 7. Bd3 Bg4 8.
Nge2 e6 9. O-O Be7 10. Qb3 Na5 11. Qc2 Bh5 12. Rac1 Rc8 13. Qa4+ Nc6 14. Qb3
Na5 15. Qa4+ Nc6 16. Qb3 Na5 17. Qa4+ Nc6 18. Qb3 Na5 19. Qa4+ Nc6 20. Qb3 Na5
1/2-1/2

[Event "Sportsko leto 2013"]
[Site "Paracin"]
[Date "2013.07.10"]
[Round "7.9"]
[White "Kuzmicz, Krystian"]
[Black "Nestorovic, Lazar"]
[Result "0-1"]
[WhiteElo "2470"]
[BlackElo "2394"]
[PlyCount "84"]
[EventDate "2013.??.??"]

1. g3 d5 2. Bg2 c6 3. f4 h5 4. Nf3 Bg4 5. Ne5 Bf5 6. d3 h4 7. g4 h3 8. Bf3 Bh7
9. g5 Nd7 10. Nxd7 Qxd7 11. e4 O-O-O 12. Qe2 e6 13. Be3 Bb4+ 14. Nd2 Ne7 15. c3
Ba5 16. O-O-O Bb6 17. Bxb6 axb6 18. Bg4 c5 19. Rhe1 Bg6 20. Qf3 dxe4 21. dxe4
Kb8 22. f5 exf5 23. exf5 Bxf5 24. Rxe7 Qxe7 25. Qxf5 Qc7 26. Qf2 Qe5 27. Re1
Qxg5 28. Bf3 Ka7 29. Kc2 Rd7 30. Be4 Rhd8 31. Nc4 b5 32. Ne3 Rd2+ 33. Qxd2
Rxd2+ 34. Kxd2 Qf4 35. Bd5 Qxh2+ 36. Re2 Qd6 37. Kc2 f5 38. Bh1 f4 39. Nd5 Qg6+
40. Be4 Qg3 41. Kd1 f3 42. Re1 f2 0-1

[Event "Sportsko leto 2013"]
[Site "Paracin"]
[Date "2013.07.10"]
[Round "7.10"]
[White "Brankovic, Dejan"]
[Black "Cioara, Andrei-Nestor"]
[Result "0-1"]
[WhiteElo "2359"]
[BlackElo "2465"]
[PlyCount "102"]
[EventDate "2013.??.??"]

1. e4 e6 2. d4 d5 3. Nd2 Nf6 4. e5 Nfd7 5. Bd3 c5 6. c3 Nc6 7. Ne2 cxd4 8. cxd4
f6 9. exf6 Nxf6 10. Nf3 Bd6 11. O-O Qc7 12. Bg5 O-O 13. Bh4 Nh5 14. Bg3 Nxg3
15. hxg3 g6 16. Rc1 a6 17. Nc3 Qg7 18. Bb1 g5 19. Re1 g4 20. Ne5 Nxe5 21. dxe5
Bxe5 22. Nxd5 Bd4 23. Ne7+ Kh8 24. Re2 Bd7 25. Rc7 Rad8 26. Rd2 Qe5 27. Rxd4
Qxc7 28. Qxg4 Qc1+ 29. Rd1 Qh6 30. Rd6 Qf6 31. Ng6+ hxg6 32. Bxg6 Qg7 33. Rd4
e5 34. Qh5+ Kg8 35. Rh4 Rf6 36. Bh7+ Kf8 37. Qxe5 Bc6 38. Bf5 Rh6 39. Qc5+ Kg8
40. Qc4+ Bd5 41. Qf4 Rxh4 42. Qxh4 Re8 43. Bd3 b5 44. b3 Re1+ 45. Bf1 Re8 46.
Bd3 Bf7 47. g4 Re1+ 48. Bf1 Qe5 49. g3 Qd5 50. Qh6 Rxf1+ 51. Kxf1 Qd1+ 0-1

[Event "Sportsko leto 2013"]
[Site "Paracin"]
[Date "2013.07.10"]
[Round "7.11"]
[White "Kadric, Denis"]
[Black "Tosic, Srecko"]
[Result "0-1"]
[WhiteElo "2459"]
[BlackElo "2389"]
[PlyCount "92"]
[EventDate "2013.??.??"]

1. e4 e6 2. d4 d5 3. Nd2 c5 4. Ngf3 cxd4 5. Nxd4 Nf6 6. e5 Nfd7 7. N2f3 Nc6 8.
Bb5 Qc7 9. O-O a6 10. Nxc6 bxc6 11. Ba4 g6 12. c3 Bg7 13. Bf4 Bb7 14. Re1 O-O
15. Qd2 Nb6 16. Bc2 Nc4 17. Qc1 a5 18. b3 Nb6 19. Qe3 c5 20. Rac1 Rfc8 21. Ng5
Nd7 22. Qh3 Nf8 23. Qg4 a4 24. h4 axb3 25. axb3 Ra2 26. h5 Rca8 27. hxg6 fxg6
28. Re3 Bc8 29. Rh3 R8a7 30. Nf3 Rb2 31. Bd1 Raa2 32. Be3 Qa5 33. Kh2 Qa3 34.
Qg5 Qa7 35. b4 Qc7 36. Bxc5 h6 37. Qg3 g5 38. Bxf8 Kxf8 39. Kg1 Rxf2 40. Qxf2
Rxf2 41. Kxf2 g4 42. Rh5 gxf3 43. Bxf3 Bxe5 44. Rxh6 Bg3+ 45. Ke2 Ba6+ 46. Kd1
Bf4 0-1

[Event "Sportsko leto 2013"]
[Site "Paracin"]
[Date "2013.07.10"]
[Round "7.12"]
[White "Zlatanovic, Boroljub"]
[Black "Savic, Miodrag R"]
[Result "0-1"]
[WhiteElo "2416"]
[BlackElo "2529"]
[PlyCount "150"]
[EventDate "2013.??.??"]

1. e4 d5 2. exd5 Qxd5 3. Nc3 Qa5 4. d4 c6 5. Bc4 Bf5 6. Nf3 e6 7. Qe2 Nd7 8.
Bd2 Bb4 9. a3 Ne7 10. O-O Bxc3 11. Bxc3 Qc7 12. Bb3 O-O 13. Bb4 Rfe8 14. c4 Ng6
15. Rad1 e5 16. d5 c5 17. Bc3 e4 18. Ne1 Nde5 19. Qe3 Ng4 20. Qg3 Qxg3 21. hxg3
e3 22. f3 e2 23. fxg4 Bxg4 24. Rd2 exf1=Q+ 25. Kxf1 Ne5 26. Nc2 Bd7 27. Ne3
Rad8 28. d6 Ng4 29. Nxg4 Bxg4 30. Rd5 Be6 31. Rxc5 Rxd6 32. Rg5 g6 33. c5 Rdd8
34. Ba4 Bd7 35. Bb3 Be6 36. Ba4 Bc4+ 37. Kg1 Re2 38. c6 bxc6 39. Bxc6 f5 40. g4
Bd5 41. Bxd5+ Rxd5 42. gxf5 Rxf5 43. Rg4 Rd5 44. Kf1 Re6 45. Rc4 Rf5+ 46. Kg1
Kf7 47. Bb4 a5 48. Rc7+ Ke8 49. Bc3 h5 50. Ra7 Rb6 51. Kh2 Rbb5 52. Kh3 Rbd5
53. Kh2 Rg5 54. b4 axb4 55. Bxb4 Rg4 56. Re7+ Kd8 57. Re3 Kd7 58. Re2 Rd3 59.
Re7+ Kc6 60. Re2 Kd5 61. Re8 Rb3 62. Re2 g5 63. Rf2 Rh4+ 64. Kg1 Rb1+ 65. Rf1
Rh1+ 66. Kxh1 Rxf1+ 67. Kh2 Ke4 68. a4 Ra1 69. a5 Ra4 70. Bd2 Kf5 71. Kh3 Ra3+
72. Kh2 h4 73. Be1 Ra2 74. Kh3 Ra1 75. g4+ Ke4 0-1

[Event "Sportsko leto 2013"]
[Site "Paracin, hotel "]
[Date "2013.07.10"]
[Round "7.13"]
[White "Stojanovski, Dejan"]
[Black "Cabarkapa, Novak"]
[Result "1/2-1/2"]
[WhiteElo "2439"]
[BlackElo "2356"]
[PlyCount "40"]
[EventDate "2013.07.05"]

1. Nf3 Nf6 2. g3 g6 3. Bg2 Bg7 4. O-O O-O 5. c4 d5 6. cxd5 Nxd5 7. Nc3 Nb6 8.
d3 Nc6 9. Be3 e5 10. Qd2 Nd4 11. Bh6 Nxf3+ 12. Bxf3 c6 13. Bxg7 Kxg7 14. Bg2
Be6 15. Rac1 Nd5 16. Nxd5 Bxd5 17. Bxd5 Qxd5 18. Qc3 f6 19. Qc4 Qxc4 20. Rxc4
Rfd8 1/2-1/2

[Event "Sportsko leto 2013"]
[Site "Paracin, hotel "]
[Date "2013.07.10"]
[Round "7.14"]
[White "Strzemiecki, Zbigniew"]
[Black "Pantelic, Sasa"]
[Result "1/2-1/2"]
[WhiteElo "2431"]
[BlackElo "2331"]
[PlyCount "66"]
[EventDate "2013.07.05"]

1. e4 e6 2. d4 d5 3. exd5 exd5 4. Nf3 Bd6 5. c4 c6 6. Nc3 Ne7 7. Bd3 dxc4 8.
Bxc4 O-O 9. O-O Bg4 10. h3 Bh5 11. g4 Bg6 12. Ne5 b5 13. Bb3 b4 14. Nxg6 Nxg6
15. Ne4 Bf4 16. Bxf4 Nxf4 17. Qf3 Ng6 18. Rac1 a5 19. Rfd1 Ra7 20. d5 cxd5 21.
Rxd5 Qe7 22. Nd6 a4 23. Nc8 Qb7 24. Nxa7 axb3 25. axb3 Qxa7 26. Qg3 Qb7 27. Rd2
Nc6 28. Qg2 Nge7 29. Rdc2 h6 30. Rxc6 Nxc6 31. Qxc6 Qe7 32. Kg2 Rd8 33. Rc4 g6
1/2-1/2

[Event "Sportsko leto 2013"]
[Site "Paracin, hotel "]
[Date "2013.07.10"]
[Round "7.15"]
[White "Maksimovic, Branimir"]
[Black "Ratkovic, Milovan"]
[Result "1/2-1/2"]
[WhiteElo "2423"]
[BlackElo "2315"]
[PlyCount "55"]
[EventDate "2013.07.05"]

1. c4 c6 2. Nf3 d5 3. e3 Nf6 4. Nc3 e6 5. Qc2 Nbd7 6. b3 Bd6 7. Bb2 O-O 8. g4
Nxg4 9. d4 f5 10. O-O-O a5 11. Bd3 a4 12. Nxa4 b5 13. cxb5 cxb5 14. Bxb5 Qa5
15. Qc6 Ndf6 16. Qxd6 Qxb5 17. Nc3 Qa5 18. b4 Qa7 19. Ng5 Nxf2 20. Nxe6 Bxe6
21. Qxe6+ Kh8 22. a3 Nxh1 23. Rxh1 Rfc8 24. Kb1 Rxc3 25. Bxc3 Qxa3 26. Qc6 Ne4
27. Bb2 Qa2+ 28. Kc2 1/2-1/2

[Event "Sportsko leto 2013"]
[Site "Paracin, hotel "]
[Date "2013.07.10"]
[Round "7.16"]
[White "Budimir, Boris"]
[Black "Tosic, Miroslav"]
[Result "0-1"]
[WhiteElo "2253"]
[BlackElo "2421"]
[PlyCount "90"]
[EventDate "2013.07.05"]

1. e4 c5 2. Nf3 e6 3. c4 d6 4. d4 cxd4 5. Nxd4 Nf6 6. Nc3 a6 7. Be2 Be7 8. O-O
Qc7 9. Be3 O-O 10. Rc1 b6 11. f3 Bb7 12. Qe1 Nbd7 13. Qg3 Rfe8 14. Rfd1 Rac8
15. Qf2 Qb8 16. Nc2 Bd8 17. Ne1 Ba8 18. b3 Bc7 19. g3 Bc6 20. Nd3 Bb7 21. Bf1
h6 22. Bg2 Bd8 23. Nf4 Bc6 24. Nfe2 Be7 25. Nd4 Ba8 26. Bf1 Bf8 27. Rc2 Bb7 28.
Qd2 Qa8 29. Bg2 d5 30. cxd5 exd5 31. Nxd5 Nxd5 32. Rxc8 Rxc8 33. exd5 Bxd5 34.
Qf2 Ne5 35. h3 Bc5 36. f4 Bxg2 37. fxe5 Bxh3 38. Kh2 Bg4 39. Rf1 Qb7 40. b4
Bxd4 41. Bxd4 Rc4 42. Qf4 Be6 43. Rc1 Rxb4 44. Qf2 Qe4 45. Bxb6 Qxe5 0-1

[Event "Sportsko leto 2013"]
[Site "Paracin, hotel "]
[Date "2013.07.10"]
[Round "7.17"]
[White "Arsovic, Zoran"]
[Black "Andersen, Alf R"]
[Result "1-0"]
[WhiteElo "2417"]
[BlackElo "2202"]
[PlyCount "77"]
[EventDate "2013.07.05"]

1. Nf3 b5 2. e4 Bb7 3. Bxb5 Bxe4 4. O-O Nf6 5. d4 e6 6. c4 Bb7 7. Nc3 Be7 8. d5
O-O 9. Re1 a5 10. Bf4 Na6 11. Ba4 Bb4 12. Bg5 Nc5 13. Bc2 d6 14. Re3 Bxc3 15.
Rxc3 c6 16. dxe6 fxe6 17. Qd4 e5 18. Qh4 Qc7 19. Rd1 Rad8 20. Be3 Ne6 21. Ng5
Nxg5 22. Bxg5 h6 23. Bxh6 gxh6 24. Qxh6 Kf7 25. Rf3 Ke7 26. Bg6 Kd7 27. Bf5+
Ke7 28. Rg3 Rf7 29. Bg6 Rdf8 30. Bxf7 Rxf7 31. Rg7 Ke6 32. Qh3+ Ke7 33. Qh8 Ke6
34. Rxf7 Kxf7 35. Rd3 c5 36. Rg3 Ke6 37. Rg7 Nd7 38. Qh3+ Kf6 39. Rxd7 1-0

[Event "Sportsko leto 2013"]
[Site "Paracin, hotel "]
[Date "2013.07.10"]
[Round "7.18"]
[White "Nenezic, Marko"]
[Black "Ratkovic, Miloje"]
[Result "1-0"]
[WhiteElo "2391"]
[BlackElo "2258"]
[PlyCount "131"]
[EventDate "2013.07.05"]

1. Nf3 d5 2. d4 Nc6 3. c4 Bg4 4. Nc3 e6 5. Bf4 dxc4 6. e3 Bd6 7. Bg3 Bxg3 8.
hxg3 Nf6 9. Bxc4 O-O 10. Be2 Qe7 11. O-O Rfd8 12. Qb3 Qb4 13. Qxb4 Nxb4 14.
Rac1 c6 15. a3 Nbd5 16. Na4 Ne4 17. Rfe1 Nb6 18. Bd1 Nxa4 19. Bxa4 Bxf3 20.
gxf3 Nd6 21. Rc5 h6 22. Kg2 Rac8 23. Rec1 Kf8 24. f4 a6 25. Kf3 Ke7 26. Bb3 Rh8
27. a4 Rcd8 28. g4 Ne8 29. R1c4 Nf6 30. Rb4 Rb8 31. Rc1 Nd7 32. e4 h5 33. g5
Kd6 34. Rbc4 h4 35. R4c2 f6 36. Kg4 h3 37. Rh1 h2 38. f3 c5 39. dxc5+ Nxc5 40.
e5+ fxe5 41. fxe5+ Kc6 42. Bxe6 Kb6 43. a5+ Kb5 44. Bc4+ Kb4 45. Bf1 Ne6 46. f4
Rbd8 47. Rhxh2 Rxh2 48. Rxh2 Rd4 49. Rf2 g6 50. Kg3 Ng7 51. Rf3 Nf5+ 52. Kg4
Kxa5 53. Bd3 Ne7 54. Kg3 Kb4 55. f5 gxf5 56. Bxf5 Rd5 57. Kf4 a5 58. g6 a4 59.
g7 Rd2 60. Be6 Rxb2 61. Kg5 Rc2 62. Kf6 Rc7 63. Rd3 a3 64. Rd8 Kc3 65. Re8 Rc6
66. Kxe7 1-0

[Event "Sportsko leto 2013"]
[Site "Paracin, hotel "]
[Date "2013.07.10"]
[Round "7.19"]
[White "Cvetkovic, Srdjan"]
[Black "Spiric, Igor"]
[Result "1-0"]
[WhiteElo "2385"]
[BlackElo "2255"]
[PlyCount "77"]
[EventDate "2013.07.05"]

1. c4 Nc6 2. g3 e5 3. Nc3 f5 4. Bg2 Nf6 5. d3 Be7 6. e3 O-O 7. Nge2 d6 8. O-O
Qe8 9. Nd5 Bd8 10. Bd2 g5 11. f4 h6 12. Bc3 Nxd5 13. cxd5 Nb8 14. Qd2 Nd7 15.
e4 fxe4 16. Bh3 Nb6 17. Bxc8 Rxc8 18. fxe5 Rxf1+ 19. Rxf1 Nxd5 20. dxe4 Nxc3
21. Qxc3 Qxe5 22. Qb3+ d5 23. Qxb7 Qe6 24. exd5 Qb6+ 25. Qxb6 axb6 26. Rc1 Be7
27. Rc6 Bd6 28. Nc3 Re8 29. Kf1 Re5 30. Nb5 Rxd5 31. Nxd6 cxd6 32. Rxb6 Kf7 33.
a4 Ke6 34. b4 Rd2 35. a5 Ke5 36. a6 Ra2 37. Rb5+ Ke4 38. Ra5 Rb2 39. a7 1-0

[Event "Sportsko leto 2013"]
[Site "Paracin, hotel "]
[Date "2013.07.10"]
[Round "7.20"]
[White "Burovic, Ismet"]
[Black "Cvetanovic, Uros"]
[Result "1/2-1/2"]
[WhiteElo "2361"]
[BlackElo "2249"]
[PlyCount "87"]
[EventDate "2013.07.05"]

1. e4 c5 2. d3 Nc6 3. f4 d6 4. Nf3 g6 5. h3 Bg7 6. g4 h5 7. g5 e5 8. Nc3 Nge7
9. Bg2 Be6 10. Be3 Qd7 11. Qd2 Nd4 12. Nh4 Rc8 13. Nd1 exf4 14. Bxf4 b5 15. Ne3
d5 16. c3 Ndc6 17. Nxd5 Nxd5 18. exd5 Bxd5 19. Qe3+ Ne7 20. Bxd5 Qxd5 21. O-O
Rc6 22. Rae1 Re6 23. Qf3 Qxf3 24. Nxf3 Nf5 25. Rxe6+ fxe6 26. Re1 Kf7 27. Be5
Rf8 28. Bxg7 Nxg7 29. Kf2 Kg8 30. Re5 Rc8 31. d4 cxd4 32. Nxd4 a6 33. Kf3 Kf7
34. a4 bxa4 35. Ra5 e5 36. Rxe5 a3 37. bxa3 Rxc3+ 38. Re3 Rc4 39. Re4 Rc3+ 40.
Kg2 Rxa3 41. Rf4+ Nf5 42. Nxf5 gxf5 43. h4 Ke6 44. Rf2 1/2-1/2

[Event "Sportsko leto 2013"]
[Site "Paracin, hotel "]
[Date "2013.07.10"]
[Round "7.21"]
[White "Carnic, Srdjan"]
[Black "Radovanovic, Nikola"]
[Result "1/2-1/2"]
[WhiteElo "2341"]
[BlackElo "2249"]
[PlyCount "153"]
[EventDate "2013.07.05"]

1. Nf3 Nf6 2. c4 g6 3. d4 Bg7 4. Nc3 d5 5. cxd5 Nxd5 6. g3 O-O 7. Bg2 Nb6 8.
O-O Nc6 9. d5 Na5 10. e4 c6 11. dxc6 Nxc6 12. Qc2 Be6 13. Rd1 Qc8 14. Nd5 Bxd5
15. exd5 Nb4 16. Qb3 Qc2 17. Ne1 Qxb3 18. axb3 Rfd8 19. Ra5 e6 20. Be3 N6xd5
21. Rxa7 Rxa7 22. Bxa7 Bxb2 23. Bc5 Nc6 24. Nc2 b6 25. Nb4 Ndxb4 26. Rxd8+ Nxd8
27. Bxb4 e5 28. Bd5 Kg7 29. Be7 Ne6 30. Kf1 Bd4 31. Ke2 h6 32. h4 Bb2 33. Kd3
Bd4 34. Ke2 Bc3 35. Kd3 Be1 36. Ke2 Bc3 37. Kd3 Bd4 38. Ke2 Nc5 39. Bxc5 bxc5
40. Bc4 f5 41. Bb5 Kf6 42. Be8 g5 43. hxg5+ Kxg5 44. Bd7 Kg4 45. Be6 h5 46. Bd7
Kg5 47. Bc8 Bc3 48. Bd7 Ba5 49. Bc8 Bb6 50. Bd7 Bc7 51. Bc8 e4 52. Bd7 Be5 53.
Bc8 Bd4 54. Bd7 f4 55. gxf4+ Kxf4 56. Bh3 Bf6 57. Kf1 Ke5 58. Kg2 Kd4 59. Bf5
Bg5 60. Bg6 h4 61. Bf5 Bd2 62. Bg6 Be1 63. Bf5 Bd2 64. Bg6 Ba5 65. Bf5 Be1 66.
Bg4 Kc3 67. Bf5 Kd4 68. Bg4 Bd2 69. Bf5 Be1 70. Bg4 Kd3 71. Bf5 Kd4 72. Bg4
Bxf2 73. Kxf2 Kc3 74. Ke3 Kxb3 75. Kxe4 c4 76. Be6 Kb4 77. Bxc4 1/2-1/2

[Event "Sportsko leto 2013"]
[Site "Paracin, hotel "]
[Date "2013.07.10"]
[Round "7.22"]
[White "Livaja, Mario"]
[Black "Cerovic, Danilo"]
[Result "0-1"]
[WhiteElo "2225"]
[BlackElo "2340"]
[PlyCount "188"]
[EventDate "2013.07.05"]

1. d4 e6 2. Nf3 Nf6 3. e3 b6 4. Bd3 Bb7 5. O-O d5 6. b3 Bd6 7. Bb2 Nbd7 8. c4
O-O 9. Nc3 a6 10. Re1 c5 11. cxd5 exd5 12. e4 dxe4 13. Nxe4 Bxe4 14. Bxe4 Nxe4
15. Rxe4 Nf6 16. Re2 Re8 17. Rxe8+ Nxe8 18. dxc5 Bxc5 19. Qe2 Qe7 20. Qd3 Nc7
21. Re1 Ne6 22. g3 a5 23. h4 Rd8 24. Qf5 h6 25. g4 Qc7 26. Be5 Bd6 27. g5 hxg5
28. hxg5 Bxe5 29. Nxe5 Nd4 30. Qe4 Qe7 31. f4 Qc5 32. Kg2 Ne6 33. g6 Rd2+ 34.
Kh1 fxg6 35. Qxg6 Qd5+ 36. Qe4 Nxf4 37. Qxd5+ Nxd5 38. Nd7 Kf7 39. Ne5+ Kf6 40.
Nc4 Rxa2 41. Rf1+ Ke6 42. Re1+ Kd7 43. Rg1 Kc6 44. Rxg7 b5 45. Ne5+ Kc5 46. Rd7
Rd2 47. Ra7 Kb6 48. Ra8 Nc7 49. Rb8+ Ka6 50. Kg1 Rd5 51. Nc6 Rc5 52. Nd4 Rd5
53. Nc6 Rc5 54. Nd4 Ka7 55. Rc8 Ka6 56. Rh8 Rd5 57. Rh4 Kb6 58. Kf2 Kc5 59. Ke3
Rg5 60. Kd3 Rg3+ 61. Kc2 Rg2+ 62. Kd3 Rg3+ 63. Kc2 Rg2+ 64. Kd3 Nd5 65. Ne6+
Kd6 66. Nd4 Rg3+ 67. Kd2 Kc5 68. Ne6+ Kb6 69. Nd4 Rg2+ 70. Kd3 Rg3+ 71. Kd2 Rg6
72. Kd3 Kc5 73. Kc2 Rd6 74. Kb2 Nb4 75. Kc3 Na2+ 76. Kd3 Nb4+ 77. Ke3 Na2 78.
Kd3 Nc1+ 79. Ke3 Rxd4 80. Rxd4 Nxb3 81. Rh4 a4 82. Rh8 b4 83. Kd3 a3 84. Rh5+
Kb6 85. Rh4 Ka5 86. Rh2 Ka4 87. Kc4 Na5+ 88. Kc5 Nb7+ 89. Kc4 Nd6+ 90. Kc5 b3
91. Rh4+ Ka5 92. Rh8 Ne4+ 93. Kc4 b2 94. Ra8+ Kb6 0-1

[Event "Sportsko leto 2013"]
[Site "Paracin, hotel "]
[Date "2013.07.10"]
[Round "7.23"]
[White "Ionescu, Doru-Alexandru"]
[Black "Dimic, Pavle"]
[Result "1/2-1/2"]
[WhiteElo "2330"]
[BlackElo "2218"]
[PlyCount "146"]
[EventDate "2013.07.05"]

1. e4 c5 2. d3 Nc6 3. g3 d5 4. Nd2 Nf6 5. Ngf3 g6 6. Bg2 Bg7 7. O-O O-O 8. exd5
Nxd5 9. Re1 h6 10. a3 Rb8 11. Rb1 b6 12. Ne4 Bb7 13. c4 Nc7 14. b4 cxb4 15.
axb4 Ne6 16. b5 Ncd4 17. Ba3 Nxf3+ 18. Bxf3 Nd4 19. Bg2 Re8 20. Rc1 f5 21. Nd2
Bxg2 22. Kxg2 Qd7 23. Bb4 Rbd8 24. Kg1 e5 25. Ra1 Qc7 26. Ra3 Rd7 27. Bc3 Bf8
28. Ra4 Nxb5 29. Bb2 Nd4 30. Nf3 Nxf3+ 31. Qxf3 Bg7 32. Qe3 Qd6 33. Ra3 Qb4 34.
Qc1 a5 35. Bc3 Qc5 36. Bd2 Red8 37. Be3 Qb4 38. Bd2 Qf8 39. Be3 Rxd3 40. Rxd3
Rxd3 41. Bxb6 Qb4 42. c5 e4 43. c6 Rc3 44. c7 Rxc1 45. Rxc1 Qxb6 46. c8=Q+ Kh7
47. Qe8 Qb3 48. h4 h5 49. Rc6 Qd1+ 50. Kh2 Qg4 51. Qf7 f4 52. Qxf4 Qxf4 53.
gxf4 Bd4 54. Kg2 e3 55. fxe3 Bxe3 56. Kf3 Bd2 57. Re6 a4 58. Ra6 Be1 59. Rxa4
Bxh4 60. f5 Bf6 61. Ra6 Kg7 62. Kf4 gxf5 63. Kxf5 Bd4 64. Rg6+ Kf7 65. Rd6 Bc5
66. Rh6 Ke7 67. Ke5 Kd7 68. Kd5 Bf2 69. Rxh5 Kc7 70. Rh8 Kb7 71. Rh6 Ba7 72.
Kd6 Bb8+ 73. Kd7 Ka8 1/2-1/2

[Event "Sportsko leto 2013"]
[Site "Paracin, hotel "]
[Date "2013.07.10"]
[Round "7.24"]
[White "Dinic, Dragan"]
[Black "Kasparova, Tatiana"]
[Result "1-0"]
[WhiteElo "2311"]
[BlackElo "2133"]
[PlyCount "55"]
[EventDate "2013.07.05"]

1. e4 c6 2. c4 e5 3. Nf3 d6 4. Nc3 Nf6 5. d4 Nbd7 6. Be2 Be7 7. O-O O-O 8. h3
a6 9. Be3 b5 10. a3 Bb7 11. Rc1 exd4 12. Nxd4 bxc4 13. Bxc4 Ne5 14. Ba2 Nxe4
15. Nxe4 c5 16. Nxc5 dxc5 17. Nf5 Nd7 18. Qg4 Bf6 19. Rfd1 Kh8 20. Nd6 Bc6 21.
Rxc5 Qe7 22. Nf5 Qe8 23. Bd4 Qe4 24. Bxf6 Qxg4 25. hxg4 Nxc5 26. Bxg7+ Kg8 27.
Bxf8 Kxf8 28. Rc1 1-0